000 00919cam a22002771 4500
001 13292
003 BD-RjUL
005 20211208235431.0
008 140130s1964 n 001 0 eng d
035 _a(BD-RjUL) 13343
035 _a(OCoLC)1208643
040 _aDLC
_cNWM
_dOCoLC
_dDLC
_d(BD-RjUL)
_beng
041 _aeng
082 0 0 _a608.7
_bROI 1964
100 1 _aRossman, Joseph,
_d1899-
_941390
245 1 0 _aIndustrial creativity :
_bthe psychology of the inventor /
_cIntrod. by Gardner Murphy.
260 _aNew Hyde Park, N.Y. :
_bUniversity Books ;
_cc1964
300 _axxvi, 252 p. :
_billus. ;
_c24 cm.
500 _aFirst published in 1931 under title: The psychology of the inventor.
504 _aIncludes Bibliography: p. 237-246. and Index
650 0 _aInventors.
_913343
740 4 _aThe psychology of the inventor.
942 _2ddc
_cBK
999 _c13292
_d13292